Quantitative Methods (Record no. 3144)

MARC details
000 -LEADER
fixed length control field 00425nam a22001697a 4500
005 - DATE AND TIME OF LATEST TRANSACTION
control field 20160618151541.0
008 - FIXED-LENGTH DATA ELEMENTS--GENERAL INFORMATION
fixed length control field 160618b xxu||||| |||| 00| 0 eng d
020 ## - INTERNATIONAL STANDARD BOOK NUMBER
ISBN 81-89611-72-0
041 ## - LANGUAGE CODE
Language code of text/sound track or separate title eng
082 ## - DEWEY DECIMAL CLASSIFICATION NUMBER
Item number 8190
100 ## - MAIN ENTRY--AUTHOR NAME
Personal name Jain, T.R. and Agard dr s.c.
245 ## - TITLE STATEMENT
Title Quantitative Methods
260 ## - PUBLICATION, DISTRIBUTION, ETC. (IMPRINT)
Place of publication New Delhi
Name of publisher Vikas Publishing House (P) Ltd.
300 ## - PHYSICAL DESCRIPTION
Number of Pages 540
650 ## - SUBJECT ADDED ENTRY--TOPICAL TERM
Topical Term Management
942 ## - ADDED ENTRY ELEMENTS (KOHA)
Koha item type Books
Holdings
Lost status Damaged status Home library Date acquired Cost, normal purchase price Full call number Accession Number Koha item type
    JRU Library 18/06/2016 350.00 8190 8190 Books